000 00882nas a2200277 4500
001 BR8400628
003 BR-BrBNA
005 20231205085756.0
007 ta
008 230509b bl.|||p| |||| 00| 00por d
040 _aBR-BrBNA
_bpor
_cBiblioteca Nacional de Agricultura
041 _a(Pt)
072 _aF27; F22
100 1 _aBeltrame, L.F.S.
245 1 _aAvaliacao do desempenho de tres sub-soladores em latossolo vermelho escuro
246 1 _aField evaluation of the performance of three subsoilers in dark red latosols
650 _aLATOSSOLO VERMELHO ESCURO
650 _aSUBSOLAGEM
650 _aSUBSOLADOR
650 _aCOMPACTACAO DO SOLO
650 _aANALISE DO SOLO
650 _aSOLO
773 0 _tEngenharia Agricola (Brazil)
_xISSN 0100-9619
_g(1983), v. 7(1) p. 37-52
_wBR8400628
909 _a202311
_bLúcia
_c55
_dLúcia Elande
942 _2AGRIS
_n0
_cANA
999 _c113723
_d113723